000 00595nam a2200229Ia 4500
003 OSt
005 20220918212055.0
006 a|||||r|||| 00| 0
007 ta
008 220917b |||||||| |||| 00| 0 eng d
024 _a127,098
037 _cTextual
040 _aARTS
_cARTS
_beng
041 _2eng
_aeng
082 _aX.3.N5, K21
100 _aPollard Sidney
_9122341
245 0 _aDevelopment of the Bristish economy 1914-1950
260 _aNA
_bNA
_c1962
650 _aECONOMICS
942 _hX.3.N5, K21
_cTEXL
_2CC
999 _c250240
_d250240